01172nam a2200241Ia 450000500170000000800410001702000150005808200170007310000320009024500670012225000190018930000430020850503590025165000390061065000490064965000350069865000410073326400330077433600270080733700330083433800280086704000350089520220317000536.0160601s2003 ck a g 000 0 spa  a958600885104a519.5 bP67i1 aPortus Govinden, Lincoyán10aIntroducción a la estadística cLincoyán Portus Govinden a1a. edición  a207 páginas bilustraciones c27 cm  aConceptos básicos -- Recolección de datos y formas de presentar la información -- Distribuciones de frecuencia -- Medidas de tendencia central -- Medidas de dispersión -- Distribución normal estándar, momentos, sesgos y curtosis -- Probabilidad y muestreo -- Correlación y regresión -- Series cronológicas -- Estadística sistematizada142LEMBaEstadística xEnseñanza 142LEMBaEstadística xProblemas, ejercicios 142LEMBaMuestreoxEstadística 142LEMBaCorrelación xEstadística  aBogotá bMcGraw-Hillc2003 atextobtxt2rdacontent asin mediaciónbn2rdamedia avolumenbnc2rdacarrier aCO-BoRNBPbspaerdacCO-BoRNBP